Largest U.S. States by Area - Sudden Death - Statistics

General Stats
  • This quiz has been taken 117 times
  • The average score is 3 of 25
Answers on the Grid
Answers color-coded by a green-red scale on the quiz's grid according to % correct below.
Alabama
Alaska
Arizona
Arkansas
California
Colorado
Connecticut
Delaware
Florida
Georgia
Hawaii
Idaho
Illinois
Indiana
Iowa
Kansas
Kentucky
Louisiana
Maine
Maryland
Massachusetts
Michigan
Minnesota
Mississippi
Missouri
Montana
Nebraska
Nevada
New Hampshire
New Jersey
New Mexico
New York
North Carolina
North Dakota
Ohio
Oklahoma
Oregon
Pennsylvania
Rhode Island
South Carolina
South Dakota
Tennessee
Texas
Utah
Vermont
Virginia
Washington
West Virginia
Wisconsin
Wyoming
 
Answer Stats
Answer % Correct
Alaska
100%
California
75%
Arizona
67%
Texas
25%
Montana
17%
Colorado
8%
Nevada
8%
New Mexico
8%
Oregon
8%
Washington
8%
Wyoming
8%
Georgia
0%
Idaho
0%
Illinois
0%
Iowa
0%
Kansas
0%
Michigan
0%
Minnesota
0%
Missouri
0%
Nebraska
0%
North Dakota
0%
Oklahoma
0%
South Dakota
0%
Utah
0%
Wisconsin
0%
No matching quizzes found
Score Distribution
Percent of People with Each Score
Percentile by Number Answered
Your Score History
You have not taken this quiz